[Event "World Chess Olympiad 2018"]
[Site "Batumi"]
[Date "2018.09.26"]
[Round "3"]
[Board "2"]
[WhiteFideId "10200037"]
[White "Rahman Ziaur"]
[BlackFideId "12401110"]
[Black "Nguyen Ngoc Truong Son"]
[Result "0-1"]
[LiveChessVersion "1.4.8"]
[BlackElo "2620"]
[WhiteElo "2477"]

1. Nf3 {[%clk 1:30:46]} Nf6 {[%clk 1:30:49]} 2. c4 {[%clk 1:30:52]} c6
{[%clk 1:31:05]} 3. Nc3 {[%clk 1:28:11]} d5 {[%clk 1:31:25]} 4. e3
{[%clk 1:28:28]} e6 {[%clk 1:31:29]} 5. b3 {[%clk 1:28:41]} a6 {[%clk 1:28:31]}
6. Qc2 {[%clk 1:25:15]} Nbd7 {[%clk 1:23:52]} 7. Bb2 {[%clk 1:24:50]} Bd6
{[%clk 1:23:41]} 8. Be2 {[%clk 1:21:02]} O-O {[%clk 1:15:22]} 9. Rg1
{[%clk 1:11:49]} b5 {[%clk 0:45:46]} 10. g4 {[%clk 1:05:56]} bxc4
{[%clk 0:34:15]} 11. bxc4 {[%clk 1:04:30]} Rb8 {[%clk 0:34:19]} 12. Nd4
{[%clk 0:57:30]} Qc7 {[%clk 0:31:19]} 13. f4 {[%clk 0:52:36]} c5 {[%clk 0:28:06]}
14. Nb3 {[%clk 0:46:28]} d4 {[%clk 0:25:49]} 15. g5 {[%clk 0:44:50]} Ne8
{[%clk 0:25:00]} 16. Ne4 {[%clk 0:44:35]} Bb7 {[%clk 0:21:59]} 17. Bd3
{[%clk 0:42:56]} Bxe4 {[%clk 0:20:24]} 18. Bxe4 {[%clk 0:43:19]} f5
{[%clk 0:20:25]} 19. gxf6 {[%clk 0:38:33]} Ndxf6 {[%clk 0:19:59]} 20. Bd3
{[%clk 0:22:09]} a5 {[%clk 0:14:06]} 21. exd4 {[%clk 0:19:08]} cxd4
{[%clk 0:14:25]} 22. O-O-O {[%clk 0:18:55]} Qa7 {[%clk 0:11:49]} 23. Rg5
{[%clk 0:14:12]} a4 {[%clk 0:12:12]} 24. Nxd4 {[%clk 0:13:30]} a3
{[%clk 0:11:22]} 25. Bc3 {[%clk 0:13:42]} Rb2 {[%clk 0:11:39]} 26. Bxb2
{[%clk 0:13:00]} axb2+ {[%clk 0:12:07]} 27. Kb1 {[%clk 0:10:00]} Qxd4
{[%clk 0:12:27]} 28. f5 {[%clk 0:08:10]} e5 {[%clk 0:12:26]} 29. Re1
{[%clk 0:07:54]} Bc5 {[%clk 0:12:23]} 30. Qc3 {[%clk 0:07:23]} Qh4
{[%clk 0:08:08]} 31. Rg3 {[%clk 0:07:43]} Bd4 {[%clk 0:07:40]} 32. Qa3
{[%clk 0:06:05]} Qxh2 {[%clk 0:07:42]} 33. c5 {[%clk 0:05:55]} Qxd2
{[%clk 0:07:19]} 34. Rh1 {[%clk 0:05:19]} Qf4 {[%clk 0:05:36]} 35. Rf3
{[%clk 0:04:54]} Qxf3 {[%clk 0:05:25]} 36. Bc4+ {[%clk 0:05:16]} Qd5
{[%clk 0:05:39]} 37. Bxd5+ {[%clk 0:03:20]} Nxd5 {[%clk 0:06:06]} 38. c6
{[%clk 0:02:48]} Nec7 {[%clk 0:04:46]} 39. Qh3 {[%clk 0:02:32]} h6
{[%clk 0:04:55]} 40. Qg2 {[%clk 0:32:05]} Rxf5 {[%clk 0:34:19]} 0-1

[Event "World Chess Olympiad 2018"]
[Site "Batumi"]
[Date "2018.09.26"]
[Round "3"]
[Board "3"]
[WhiteFideId "12401820"]
[White "Tran Tuan Minh"]
[BlackFideId "10207791"]
[Black "Mohammad Fahad Rahman"]
[Result "1-0"]
[LiveChessVersion "1.4.8"]
[BlackElo "2263"]
[WhiteElo "2491"]

1. c4 {[%clk 1:30:38]} Nf6 {[%clk 1:30:55]} 2. Nf3 {[%clk 1:30:40]} g6
{[%clk 1:31:19]} 3. d4 {[%clk 1:25:15]} Bg7 {[%clk 1:31:41]} 4. e3
{[%clk 1:22:46]} O-O {[%clk 1:26:25]} 5. Be2 {[%clk 1:22:30]} d6 {[%clk 1:24:30]}
6. O-O {[%clk 1:22:49]} Nbd7 {[%clk 1:24:42]} 7. Nc3 {[%clk 1:23:01]} e5
{[%clk 1:21:47]} 8. Qc2 {[%clk 1:21:48]} Re8 {[%clk 1:21:19]} 9. Rd1
{[%clk 1:21:55]} e4 {[%clk 1:18:33]} 10. Nd2 {[%clk 1:22:13]} Qe7
{[%clk 1:19:02]} 11. b4 {[%clk 1:19:38]} Nf8 {[%clk 1:16:50]} 12. a4
{[%clk 1:19:22]} h5 {[%clk 1:15:56]} 13. a5 {[%clk 1:14:25]} N8h7
{[%clk 1:13:16]} 14. Ba3 {[%clk 1:01:08]} h4 {[%clk 1:06:29]} 15. h3
{[%clk 0:58:15]} Ng5 {[%clk 1:06:02]} 16. Bf1 {[%clk 0:58:26]} Bf5
{[%clk 0:53:13]} 17. a6 {[%clk 0:46:14]} b5 {[%clk 0:51:18]} 18. Rac1
{[%clk 0:27:26]} Qd7 {[%clk 0:38:28]} 19. Kh2 {[%clk 0:26:52]} Nh5
{[%clk 0:28:13]} 20. cxb5 {[%clk 0:24:32]} d5 {[%clk 0:13:46]} 21. Ne2
{[%clk 0:22:04]} Bf8 {[%clk 0:13:38]} 22. Qc6 {[%clk 0:13:51]} Bd6+
{[%clk 0:14:00]} 23. Kh1 {[%clk 0:14:15]} Qe6 {[%clk 0:10:01]} 24. Rc5
{[%clk 0:08:54]} Bxc5 {[%clk 0:01:28]} 25. Qxe6 {[%clk 0:05:05]} Bxe6
{[%clk 0:01:57]} 26. dxc5 {[%clk 0:04:33]} f5 {[%clk 0:02:03]} 27. Nb3
{[%clk 0:04:32]} Bd7 {[%clk 0:00:33]} 28. Nc3 {[%clk 0:02:28]} Rad8
{[%clk 0:00:37]} 29. Rxd5 {[%clk 0:02:00]} Nf6 {[%clk 0:00:36]} 30. Rd1
{[%clk 0:01:34]} Be6 {[%clk 0:01:06]} 31. Rxd8 {[%clk 0:01:21]} Rxd8
{[%clk 0:01:35]} 32. Nd4 {[%clk 0:01:40]} Kf7 {[%clk 0:00:36]} 33. Nc6
{[%clk 0:01:38]} Ra8 {[%clk 0:01:05]} 34. Nxa7 {[%clk 0:01:26]} Nd5
{[%clk 0:00:49]} 35. Nxd5 {[%clk 0:01:43]} Bxd5 {[%clk 0:01:19]} 36. b6
{[%clk 0:01:50]} cxb6 {[%clk 0:01:16]} 37. cxb6 {[%clk 0:02:15]} Rb8
{[%clk 0:01:28]} 38. b7 {[%clk 0:02:10]} Bxb7 {[%clk 0:01:44]} 39. axb7
{[%clk 0:02:23]} Rxb7 {[%clk 0:02:13]} 40. Nc6 {[%clk 0:32:36]} f4
{[%clk 0:31:57]} 41. Nd8+ 1-0

[Event "World Chess Olympiad 2018"]
[Site "Batumi"]
[Date "2018.09.26"]
[Round "3"]
[Board "4"]
[WhiteFideId "10200649"]
[White "Hossain Enamul"]
[BlackFideId "12404675"]
[Black "Nguyen Anh Khoi"]
[Result "1/2-1/2"]
[LiveChessVersion "1.4.8"]
[BlackElo "2463"]
[WhiteElo "2452"]

1. e4 {[%clk 1:30:52]} c5 {[%clk 1:30:53]} 2. Nf3 {[%clk 1:31:14]} d6
{[%clk 1:31:16]} 3. d4 {[%clk 1:31:29]} cxd4 {[%clk 1:31:38]} 4. Qxd4
{[%clk 1:31:46]} a6 {[%clk 1:30:56]} 5. h3 {[%clk 1:31:43]} Nc6 {[%clk 1:31:13]}
6. Qe3 {[%clk 1:32:03]} g6 {[%clk 1:30:57]} 7. Be2 {[%clk 1:29:05]} Bg7
{[%clk 1:28:49]} 8. O-O {[%clk 1:29:03]} Nf6 {[%clk 1:28:18]} 9. c4
{[%clk 1:29:16]} O-O {[%clk 1:26:52]} 10. Nc3 {[%clk 1:29:19]} Nd7
{[%clk 1:16:46]} 11. b3 {[%clk 1:24:33]} Nc5 {[%clk 1:03:15]} 12. Bb2
{[%clk 1:20:35]} Bd7 {[%clk 0:49:25]} 13. Rfd1 {[%clk 1:09:55]} Qb8
{[%clk 0:35:40]} 14. Rd2 {[%clk 1:05:53]} b6 {[%clk 0:25:31]} 15. Rad1
{[%clk 0:55:24]} Re8 {[%clk 0:19:32]} 16. Nd5 {[%clk 0:52:41]} e5
{[%clk 0:16:14]} 17. Nc3 {[%clk 0:50:01]} Bf8 {[%clk 0:14:17]} 18. Ba3
{[%clk 0:43:38]} Rd8 {[%clk 0:08:17]} 19. Nd5 {[%clk 0:40:14]} Be6
{[%clk 0:07:52]} 20. b4 {[%clk 0:34:19]} Nd7 {[%clk 0:07:27]} 21. b5
{[%clk 0:25:42]} axb5 {[%clk 0:06:48]} 22. cxb5 {[%clk 0:25:59]} Na5
{[%clk 0:06:54]} 23. Ng5 {[%clk 0:24:24]} Bxd5 {[%clk 0:05:26]} 24. Rxd5
{[%clk 0:24:11]} Nc5 {[%clk 0:05:36]} 25. f4 {[%clk 0:18:16]} h6 {[%clk 0:02:43]}
26. Nf3 {[%clk 0:13:07]} exf4 {[%clk 0:02:33]} 27. Qxf4 {[%clk 0:12:50]} Re8
{[%clk 0:02:18]} 28. Bxc5 {[%clk 0:11:55]} dxc5 {[%clk 0:01:44]} 29. e5
{[%clk 0:09:21]} Ra7 {[%clk 0:01:56]} 30. Rd7 {[%clk 0:08:25]} Rxd7
{[%clk 0:02:12]} 31. Rxd7 {[%clk 0:08:54]} Re7 {[%clk 0:02:40]} 32. Rxe7
{[%clk 0:06:50]} Bxe7 {[%clk 0:03:09]} 33. Qxh6 {[%clk 0:07:18]} Qc8
{[%clk 0:02:14]} 34. Bd3 {[%clk 0:04:51]} Qe6 {[%clk 0:01:32]} 35. Qd2
{[%clk 0:03:47]} Qd5 {[%clk 0:01:02]} 36. Bf1 {[%clk 0:03:23]} Qxd2
{[%clk 0:00:54]} 37. Nxd2 {[%clk 0:03:52]} Bg5 {[%clk 0:01:04]} 38. Nc4
{[%clk 0:03:48]} Nxc4 {[%clk 0:01:21]} 39. Bxc4 {[%clk 0:04:16]} Kf8
{[%clk 0:00:44]} 40. Kf2 {[%clk 0:33:41]} Bf4 {[%clk 0:30:43]} 41. e6
{[%clk 0:32:53]} fxe6 {[%clk 0:24:47]} 42. Bxe6 {[%clk 0:33:20]} Bd2
{[%clk 0:23:45]} 43. h4 {[%clk 0:30:49]} Kg7 {[%clk 0:22:00]} 44. Kf3
{[%clk 0:28:52]} g5 {[%clk 0:21:27]} 45. h5 {[%clk 0:28:33]} Kh6 {[%clk 0:21:51]}
46. Kg4 {[%clk 0:28:28]} Ba5 {[%clk 0:22:13]} 47. a4 {[%clk 0:28:12]} Bd2
{[%clk 0:22:31]} 48. Bc4 {[%clk 0:27:38]} Ba5 {[%clk 0:22:53]} 49. Bd3
{[%clk 0:28:03]} Bd2 {[%clk 0:23:09]} 50. Bc4 1/2-1/2

[Event "World Chess Olympiad 2018"]
[Site "Batumi"]
[Date "2018.09.26"]
[Round "3"]
[Board "1"]
[WhiteFideId "2300117"]
[White "Steingrimsson Hedinn"]
[BlackFideId "2805677"]
[Black "Gelfand Boris"]
[Result "0-1"]
[LiveChessVersion "1.4.8"]
[BlackElo "2703"]
[WhiteElo "2573"]

1. d4 {[%clk 1:30:55]} Nf6 {[%clk 1:30:55]} 2. c4 {[%clk 1:31:21]} e6
{[%clk 1:31:22]} 3. Nc3 {[%clk 1:31:02]} Bb4 {[%clk 1:31:48]} 4. Qc2
{[%clk 1:31:28]} O-O {[%clk 1:31:49]} 5. a3 {[%clk 1:31:13]} Bxc3+
{[%clk 1:32:15]} 6. Qxc3 {[%clk 1:31:39]} d5 {[%clk 1:32:34]} 7. Nf3
{[%clk 1:32:00]} dxc4 {[%clk 1:32:23]} 8. Qxc4 {[%clk 1:32:28]} b6
{[%clk 1:32:47]} 9. Bg5 {[%clk 1:32:51]} Bb7 {[%clk 1:32:56]} 10. e3
{[%clk 1:26:30]} Nbd7 {[%clk 1:30:51]} 11. Be2 {[%clk 1:26:07]} c5
{[%clk 1:13:36]} 12. O-O {[%clk 1:25:48]} cxd4 {[%clk 1:06:43]} 13. Rfd1
{[%clk 1:06:58]} dxe3 {[%clk 0:40:29]} 14. Bxf6 {[%clk 0:53:23]} exf2+
{[%clk 0:39:30]} 15. Kf1 {[%clk 0:43:37]} gxf6 {[%clk 0:37:08]} 16. Rd6
{[%clk 0:43:50]} Qe7 {[%clk 0:31:34]} 17. Qc7 {[%clk 0:37:53]} Rfd8
{[%clk 0:30:53]} 18. Rad1 {[%clk 0:23:45]} Bd5 {[%clk 0:30:36]} 19. Ba6
{[%clk 0:23:52]} Kf8 {[%clk 0:28:29]} 20. R6xd5 {[%clk 0:23:07]} exd5
{[%clk 0:28:49]} 21. Qf4 {[%clk 0:23:34]} Nc5 {[%clk 0:26:37]} 22. Bb5
{[%clk 0:17:53]} Ne4 {[%clk 0:22:55]} 23. Nd4 {[%clk 0:07:48]} Qe5
{[%clk 0:22:03]} 24. Qh6+ {[%clk 0:08:08]} Kg8 {[%clk 0:22:29]} 25. Nc6
{[%clk 0:08:27]} Qxb2 {[%clk 0:21:55]} 26. Nd4 {[%clk 0:06:25]} Kh8
{[%clk 0:19:33]} 27. Bc6 {[%clk 0:06:24]} Rac8 {[%clk 0:18:37]} 28. Nf5
{[%clk 0:05:18]} Rg8 {[%clk 0:19:00]} 29. Bd7 {[%clk 0:04:21]} Rxg2
{[%clk 0:18:40]} 0-1

[Event "World Chess Olympiad 2018"]
[Site "Batumi"]
[Date "2018.09.26"]
[Round "3"]
[Board "2"]
[WhiteFideId "2806851"]
[White "Rodshtein Maxim"]
[BlackFideId "2300044"]
[Black "Hjartarson Johann"]
[Result "1-0"]
[LiveChessVersion "1.4.8"]
[BlackElo "2530"]
[WhiteElo "2674"]

1. d4 {[%clk 1:30:55]} Nf6 {[%clk 1:30:47]} 2. c4 {[%clk 1:31:18]} e6
{[%clk 1:30:59]} 3. Nf3 {[%clk 1:31:30]} Bb4+ {[%clk 1:30:59]} 4. Nbd2
{[%clk 1:31:31]} b6 {[%clk 1:31:11]} 5. a3 {[%clk 1:31:37]} Bxd2+
{[%clk 1:31:32]} 6. Qxd2 {[%clk 1:32:00]} Bb7 {[%clk 1:31:41]} 7. e3
{[%clk 1:31:51]} d6 {[%clk 1:31:19]} 8. Be2 {[%clk 1:29:58]} Nbd7
{[%clk 1:29:31]} 9. b4 {[%clk 1:20:28]} a5 {[%clk 1:27:03]} 10. Bb2
{[%clk 1:19:18]} Ne4 {[%clk 1:25:20]} 11. Qc2 {[%clk 1:10:32]} O-O
{[%clk 1:15:23]} 12. O-O {[%clk 1:09:56]} f5 {[%clk 1:15:15]} 13. d5
{[%clk 1:06:24]} e5 {[%clk 0:43:46]} 14. Nd2 {[%clk 1:01:47]} Nxd2
{[%clk 0:40:58]} 15. Qxd2 {[%clk 1:02:11]} Qh4 {[%clk 0:38:33]} 16. f4
{[%clk 0:58:52]} exf4 {[%clk 0:31:43]} 17. Rxf4 {[%clk 0:56:54]} Qe7
{[%clk 0:31:25]} 18. Raf1 {[%clk 0:45:18]} axb4 {[%clk 0:31:01]} 19. axb4
{[%clk 0:45:42]} Rae8 {[%clk 0:28:59]} 20. Bd4 {[%clk 0:43:12]} g6
{[%clk 0:27:19]} 21. Qe1 {[%clk 0:28:00]} b5 {[%clk 0:24:16]} 22. cxb5
{[%clk 0:25:42]} Bxd5 {[%clk 0:24:10]} 23. Qg3 {[%clk 0:22:45]} Be6
{[%clk 0:20:08]} 24. h4 {[%clk 0:19:24]} Ne5 {[%clk 0:19:54]} 25. R4f2
{[%clk 0:12:35]} Ng4 {[%clk 0:16:55]} 26. Bxg4 {[%clk 0:10:35]} fxg4
{[%clk 0:17:21]} 27. b6 {[%clk 0:06:51]} cxb6 {[%clk 0:16:37]} 28. Bxb6
{[%clk 0:07:11]} Rxf2 {[%clk 0:15:31]} 29. Rxf2 {[%clk 0:07:37]} Rb8
{[%clk 0:14:37]} 30. Bc5 {[%clk 0:07:50]} Rd8 {[%clk 0:14:06]} 31. Bd4
{[%clk 0:08:04]} Rb8 {[%clk 0:12:13]} 32. Bc5 {[%clk 0:07:06]} Rd8
{[%clk 0:12:37]} 33. Bd4 {[%clk 0:07:28]} Rb8 {[%clk 0:13:02]} 34. Rb2
{[%clk 0:07:20]} Rb5 {[%clk 0:13:05]} 35. e4 {[%clk 0:06:33]} g5 {[%clk 0:06:10]}
36. h5 {[%clk 0:06:11]} Bd7 {[%clk 0:05:07]} 37. Qd3 {[%clk 0:05:27]} Qe6
{[%clk 0:02:30]} 38. Bc3 {[%clk 0:04:50]} g3 {[%clk 0:00:52]} 39. Re2
{[%clk 0:01:03]} Qb3 {[%clk 0:00:39]} 40. Qxg3 {[%clk 0:31:08]} h6
{[%clk 0:30:37]} 41. Rf2 {[%clk 0:29:37]} Qb1+ {[%clk 0:21:20]} 42. Kh2
{[%clk 0:29:42]} g4 {[%clk 0:19:58]} 43. Qxd6 {[%clk 0:23:39]} Rxh5+
{[%clk 0:20:09]} 44. Kg3 {[%clk 0:24:05]} Rh3+ {[%clk 0:19:37]} 45. gxh3
{[%clk 0:21:48]} Qg1+ {[%clk 0:19:55]} 46. Rg2 {[%clk 0:22:12]} Qe3+
{[%clk 0:20:18]} 47. Kh2 {[%clk 0:22:38]} Qxh3+ {[%clk 0:20:42]} 48. Kg1
{[%clk 0:23:05]} Qxc3 {[%clk 0:18:40]} 49. Qg6+ {[%clk 0:23:07]} 1-0

[Event "World Chess Olympiad 2018"]
[Site "Batumi"]
[Date "2018.09.26"]
[Round "3"]
[Board "3"]
[WhiteFideId "2300087"]
[White "Stefansson Hannes"]
[BlackFideId "2802007"]
[Black "Sutovsky Emil"]
[Result "1/2-1/2"]
[LiveChessVersion "1.4.8"]
[BlackElo "2633"]
[WhiteElo "2502"]

1. d4 {[%clk 1:30:46]} Nf6 {[%clk 1:30:57]} 2. c4 {[%clk 1:30:54]} g6
{[%clk 1:31:23]} 3. Nf3 {[%clk 1:30:35]} Bg7 {[%clk 1:31:51]} 4. g3
{[%clk 1:30:30]} O-O {[%clk 1:31:29]} 5. Bg2 {[%clk 1:30:43]} d6 {[%clk 1:31:58]}
6. O-O {[%clk 1:30:32]} Nc6 {[%clk 1:32:22]} 7. Nc3 {[%clk 1:29:51]} Bf5
{[%clk 1:32:49]} 8. b3 {[%clk 1:14:33]} e5 {[%clk 1:31:14]} 9. dxe5
{[%clk 1:07:01]} dxe5 {[%clk 1:31:40]} 10. Bb2 {[%clk 1:05:43]} e4
{[%clk 1:28:20]} 11. Nh4 {[%clk 0:58:50]} Bg4 {[%clk 1:19:50]} 12. Nxe4
{[%clk 0:43:13]} Qxd1 {[%clk 1:13:12]} 13. Rfxd1 {[%clk 0:43:04]} Nxe4
{[%clk 1:13:32]} 14. Bxg7 {[%clk 0:43:14]} Nxf2 {[%clk 1:13:16]} 15. Bxf8
{[%clk 0:39:43]} Nxd1 {[%clk 1:12:56]} 16. Rxd1 {[%clk 0:38:25]} Kxf8
{[%clk 1:13:11]} 17. Bxc6 {[%clk 0:37:48]} bxc6 {[%clk 1:13:38]} 18. Kf2
{[%clk 0:37:59]} a5 {[%clk 1:07:28]} 19. Nf3 {[%clk 0:35:22]} Bxf3
{[%clk 0:54:49]} 20. exf3 {[%clk 0:28:49]} Ke7 {[%clk 0:55:16]} 21. Ke3
{[%clk 0:28:33]} Rb8 {[%clk 0:46:07]} 22. Rd3 {[%clk 0:27:19]} h5
{[%clk 0:39:18]} 23. h4 {[%clk 0:24:35]} f6 {[%clk 0:39:24]} 24. Kd4
{[%clk 0:18:53]} Rd8+ {[%clk 0:37:37]} 25. Ke3 {[%clk 0:19:10]} Rb8
{[%clk 0:37:00]} 26. Kd4 {[%clk 0:19:24]} Rd8+ {[%clk 0:37:28]} 27. Ke3
{[%clk 0:19:40]} Rb8 1/2-1/2

[Event "World Chess Olympiad 2018"]
[Site "Batumi"]
[Date "2018.09.26"]
[Round "3"]
[Board "4"]
[WhiteFideId "2801990"]
[White "Smirin Ilia"]
[BlackFideId "2300699"]
[Black "Gretarsson Helgi Ass"]
[Result "1-0"]
[LiveChessVersion "1.4.8"]
[BlackElo "2448"]
[WhiteElo "2594"]

1. e4 {[%clk 1:30:55]} g6 {[%clk 1:30:44]} 2. d4 {[%clk 1:30:49]} Bg7
{[%clk 1:31:08]} 3. Nc3 {[%clk 1:30:42]} d6 {[%clk 1:31:32]} 4. f4
{[%clk 1:28:18]} a6 {[%clk 1:31:38]} 5. Nf3 {[%clk 1:27:11]} b5 {[%clk 1:32:02]}
6. Bd3 {[%clk 1:26:18]} Bb7 {[%clk 1:30:39]} 7. e5 {[%clk 1:24:02]} Nd7
{[%clk 1:24:43]} 8. a4 {[%clk 1:11:10]} b4 {[%clk 1:23:12]} 9. Ne4
{[%clk 1:10:11]} c5 {[%clk 1:06:56]} 10. c3 {[%clk 1:08:07]} Nh6 {[%clk 0:48:52]}
11. Qe2 {[%clk 1:03:20]} O-O {[%clk 0:41:44]} 12. O-O {[%clk 1:01:15]} cxd4
{[%clk 0:25:31]} 13. cxd4 {[%clk 1:01:12]} a5 {[%clk 0:23:04]} 14. Neg5
{[%clk 0:51:43]} Nb6 {[%clk 0:20:52]} 15. f5 {[%clk 0:47:41]} gxf5
{[%clk 0:16:52]} 16. e6 {[%clk 0:45:41]} Bc8 {[%clk 0:03:39]} 17. Nh4
{[%clk 0:41:14]} f6 {[%clk 0:03:20]} 18. Nxh7 {[%clk 0:40:21]} Re8
{[%clk 0:02:21]} 19. Bxh6 {[%clk 0:40:04]} 1-0

[Event "World Chess Olympiad 2018"]
[Site "Batumi"]
[Date "2018.09.26"]
[Round "3"]
[Board "1"]
[WhiteFideId "1202758"]
[White "Nisipeanu Liviu-Dieter"]
[BlackFideId "927031"]
[Black "Popovic Dusan"]
[Result "1/2-1/2"]
[LiveChessVersion "1.4.8"]
[BlackElo "2517"]
[WhiteElo "2661"]

1. e4 {[%clk 1:30:58]} c5 {[%clk 1:30:55]} 2. Nf3 {[%clk 1:31:22]} d6
{[%clk 1:31:20]} 3. d4 {[%clk 1:31:47]} cxd4 {[%clk 1:31:46]} 4. Nxd4
{[%clk 1:32:11]} Nf6 {[%clk 1:32:07]} 5. Nc3 {[%clk 1:32:35]} a6 {[%clk 1:32:33]}
6. Be3 {[%clk 1:32:57]} e5 {[%clk 1:32:38]} 7. Nf3 {[%clk 1:33:19]} Qc7
{[%clk 1:32:05]} 8. a4 {[%clk 1:33:31]} Be7 {[%clk 1:31:30]} 9. Be2
{[%clk 1:33:53]} O-O {[%clk 1:30:22]} 10. O-O {[%clk 1:34:16]} Nbd7
{[%clk 1:22:20]} 11. Nd2 {[%clk 1:21:16]} Nc5 {[%clk 1:13:17]} 12. b4
{[%clk 1:08:40]} Ne6 {[%clk 1:12:13]} 13. Nc4 {[%clk 1:04:33]} Nf4
{[%clk 0:58:23]} 14. Ra3 {[%clk 0:57:52]} Be6 {[%clk 0:35:46]} 15. Nb6
{[%clk 0:57:51]} Rad8 {[%clk 0:32:13]} 16. Ncd5 {[%clk 0:52:28]} Bxd5
{[%clk 0:32:20]} 17. exd5 {[%clk 0:52:50]} Ne4 {[%clk 0:31:23]} 18. Bf3
{[%clk 0:34:38]} f5 {[%clk 0:26:58]} 19. Bxe4 {[%clk 0:32:18]} fxe4
{[%clk 0:27:23]} 20. g3 {[%clk 0:32:14]} Nh3+ {[%clk 0:20:50]} 21. Kg2
{[%clk 0:32:37]} Bg5 {[%clk 0:14:53]} 22. Kxh3 {[%clk 0:14:30]} Bxe3
{[%clk 0:15:08]} 23. Rxe3 {[%clk 0:14:56]} Qxb6 {[%clk 0:15:25]} 24. Qd2
{[%clk 0:15:19]} Qc7 {[%clk 0:13:18]} 25. Rxe4 {[%clk 0:13:08]} Qd7+
{[%clk 0:13:42]} 26. Kg2 {[%clk 0:13:34]} Qxa4 {[%clk 0:14:07]} 27. c4
{[%clk 0:13:14]} Rc8 {[%clk 0:05:03]} 28. Rfe1 {[%clk 0:09:49]} Qd7
{[%clk 0:01:49]} 29. Rc1 {[%clk 0:06:35]} b6 {[%clk 0:01:34]} 30. c5
{[%clk 0:02:50]} bxc5 {[%clk 0:01:15]} 31. bxc5 {[%clk 0:03:15]} dxc5
{[%clk 0:00:48]} 32. Rxe5 {[%clk 0:03:29]} c4 {[%clk 0:01:06]} 33. Qd4
{[%clk 0:02:41]} Qd6 {[%clk 0:00:33]} 34. f4 {[%clk 0:01:50]} Qc5
{[%clk 0:00:33]} 35. Qxc5 {[%clk 0:01:54]} Rxc5 {[%clk 0:00:59]} 36. d6
{[%clk 0:02:16]} Rc6 {[%clk 0:01:00]} 37. d7 {[%clk 0:02:18]} Rd6
{[%clk 0:01:07]} 38. Re7 {[%clk 0:02:31]} Rf7 {[%clk 0:01:18]} 39. Re8+
{[%clk 0:01:51]} Rf8 {[%clk 0:01:44]} 40. Re7 {[%clk 0:31:51]} Rf7
{[%clk 0:32:10]} 41. Re8+ {[%clk 0:29:40]} 1/2-1/2

[Event "World Chess Olympiad 2018"]
[Site "Batumi"]
[Date "2018.09.26"]
[Round "3"]
[Board "2"]
[WhiteFideId "937614"]
[White "Roganovic Milos"]
[BlackFideId "4675789"]
[Black "Meier Georg"]
[Result "1/2-1/2"]
[LiveChessVersion "1.4.8"]
[BlackElo "2639"]
[WhiteElo "2527"]

1. e4 {[%clk 1:30:57]} e6 {[%clk 1:30:55]} 2. d4 {[%clk 1:31:22]} d5
{[%clk 1:31:20]} 3. Nd2 {[%clk 1:31:47]} c5 {[%clk 1:31:45]} 4. exd5
{[%clk 1:31:05]} Qxd5 {[%clk 1:32:07]} 5. Ngf3 {[%clk 1:31:29]} cxd4
{[%clk 1:32:30]} 6. Bc4 {[%clk 1:31:49]} Qd7 {[%clk 1:32:53]} 7. O-O
{[%clk 1:31:07]} Nc6 {[%clk 1:33:16]} 8. Nb3 {[%clk 1:30:47]} Nf6
{[%clk 1:33:32]} 9. Nbxd4 {[%clk 1:29:55]} Nxd4 {[%clk 1:33:54]} 10. Nxd4
{[%clk 1:30:19]} a6 {[%clk 1:34:12]} 11. Bg5 {[%clk 1:29:19]} Qc7
{[%clk 1:31:12]} 12. Qe2 {[%clk 1:24:38]} Be7 {[%clk 1:31:11]} 13. Rfe1
{[%clk 1:22:33]} O-O {[%clk 1:31:18]} 14. Bd3 {[%clk 1:20:11]} h6
{[%clk 1:25:15]} 15. Bh4 {[%clk 1:14:02]} Bd7 {[%clk 1:18:16]} 16. c3
{[%clk 1:00:24]} Rfd8 {[%clk 1:04:43]} 17. Rad1 {[%clk 0:52:36]} Rac8
{[%clk 0:58:19]} 18. Bc2 {[%clk 0:41:21]} Qb6 {[%clk 0:52:47]} 19. Qd3
{[%clk 0:36:37]} Bb5 {[%clk 0:51:24]} 20. Qe3 {[%clk 0:30:18]} Kf8
{[%clk 0:49:09]} 21. Nxb5 {[%clk 0:25:02]} Qxb5 {[%clk 0:47:20]} 22. Bb3
{[%clk 0:24:03]} a5 {[%clk 0:44:48]} 23. Bxf6 {[%clk 0:20:47]} Bxf6
{[%clk 0:45:10]} 24. Qe4 {[%clk 0:21:11]} Qc6 {[%clk 0:38:05]} 25. Rxd8+
{[%clk 0:20:46]} Rxd8 {[%clk 0:36:44]} 26. Qxc6 {[%clk 0:21:09]} bxc6
{[%clk 0:37:09]} 27. Kf1 {[%clk 0:20:45]} Ke7 {[%clk 0:36:17]} 28. Re4
{[%clk 0:18:03]} Rd2 {[%clk 0:35:48]} 29. Re2 {[%clk 0:18:27]} Rd8
{[%clk 0:35:06]} 30. Re4 {[%clk 0:18:49]} Rd2 {[%clk 0:35:09]} 1/2-1/2

[Event "World Chess Olympiad 2018"]
[Site "Batumi"]
[Date "2018.09.26"]
[Round "3"]
[Board "3"]
[WhiteFideId "24651516"]
[White "Bluebaum Matthias"]
[BlackFideId "912336"]
[Black "Zajic Milan"]
[Result "1/2-1/2"]
[LiveChessVersion "1.4.8"]
[BlackElo "2497"]
[WhiteElo "2618"]

1. d4 {[%clk 1:30:57]} Nf6 {[%clk 1:30:56]} 2. c4 {[%clk 1:31:22]} e6
{[%clk 1:31:24]} 3. g3 {[%clk 1:31:43]} d5 {[%clk 1:31:45]} 4. Bg2
{[%clk 1:32:06]} Be7 {[%clk 1:32:13]} 5. Nf3 {[%clk 1:32:06]} O-O
{[%clk 1:32:41]} 6. Nc3 {[%clk 1:31:05]} dxc4 {[%clk 1:31:24]} 7. Ne5
{[%clk 1:31:19]} c5 {[%clk 1:19:22]} 8. dxc5 {[%clk 1:30:38]} Qc7
{[%clk 1:15:04]} 9. Nxc4 {[%clk 1:25:24]} Qxc5 {[%clk 1:13:18]} 10. b3
{[%clk 1:18:52]} Nc6 {[%clk 1:05:39]} 11. Ba3 {[%clk 1:12:48]} Nb4
{[%clk 0:54:36]} 12. O-O {[%clk 1:09:07]} Rd8 {[%clk 0:47:17]} 13. Qe1
{[%clk 0:58:30]} Rb8 {[%clk 0:42:12]} 14. Rc1 {[%clk 0:52:09]} Bd7
{[%clk 0:36:12]} 15. Ne3 {[%clk 0:33:00]} Qa5 {[%clk 0:35:34]} 16. Bb2
{[%clk 0:31:43]} Qa6 {[%clk 0:32:33]} 17. a3 {[%clk 0:28:00]} Nc6
{[%clk 0:32:47]} 18. Ne4 {[%clk 0:22:18]} Nxe4 {[%clk 0:31:35]} 19. Bxe4
{[%clk 0:21:58]} Qb5 {[%clk 0:22:04]} 20. Qc3 {[%clk 0:17:58]} Bf6
{[%clk 0:20:51]} 21. Qc2 {[%clk 0:18:27]} Bxb2 {[%clk 0:21:06]} 22. Qxb2
{[%clk 0:12:22]} Qe5 {[%clk 0:15:55]} 23. Qxe5 {[%clk 0:09:46]} Nxe5
{[%clk 0:16:23]} 24. Rc7 {[%clk 0:06:15]} Bc6 {[%clk 0:16:23]} 25. f4
{[%clk 0:06:09]} Bxe4 {[%clk 0:14:17]} 26. fxe5 {[%clk 0:06:38]} Bg6
{[%clk 0:11:49]} 27. Rf4 {[%clk 0:06:09]} h5 {[%clk 0:09:18]} 28. Rb4
{[%clk 0:05:35]} Rd2 {[%clk 0:09:41]} 29. Kf1 {[%clk 0:05:48]} Ra2
{[%clk 0:09:27]} 30. Nc4 {[%clk 0:04:47]} Rd8 {[%clk 0:07:56]} 31. Nd6
{[%clk 0:03:25]} Rxa3 {[%clk 0:08:01]} 32. Rbxb7 {[%clk 0:03:46]} Ra5
{[%clk 0:07:35]} 33. Ke1 {[%clk 0:03:18]} a6 {[%clk 0:04:47]} 34. Ra7
{[%clk 0:02:30]} h4 {[%clk 0:03:45]} 35. g4 {[%clk 0:00:57]} Ra1+
{[%clk 0:02:04]} 36. Kf2 {[%clk 0:01:23]} Rf8 {[%clk 0:00:42]} 37. b4
{[%clk 0:01:04]} Rh1 {[%clk 0:00:54]} 38. Kg2 {[%clk 0:00:50]} Re1
{[%clk 0:01:16]} 39. Kf2 {[%clk 0:00:52]} Rh1 {[%clk 0:01:44]} 40. Kg2
{[%clk 0:30:40]} Re1 {[%clk 0:31:39]} 41. Kf2 {[%clk 0:26:59]} 1/2-1/2